000 00405nam a2200145Ia 4500
008 210210b2002 xxu||||| |||| 00| 0 eng d
020 _a81 259 1182 0
082 _a001.6402 GANC
100 _aGANESH (S G).
245 _aComputer careers placement preparation guide.
260 _aNew Delhi.
_bVikas Publishing House Pvt Ltd.,
_c2002
300 _a247
690 _aComputer Entrance
906 _a057178
999 _c104793
_d104793